[Event "Wroclaw op 9th"]
[Site "Wroclaw"]
[Date "2014.07.01"]
[Round "5"]
[White "Molenda, Maja"]
[Black "Nowak, Kamil"]
[Result "0-1"]
[WhiteElo "1114"]
[BlackElo "1833"]
[PlyCount "102"]
[EventDate "2014.06.29"]
[EventType "swiss"]
[EventRounds "9"]
[EventCountry "POL"]
[SourceTitle "EXT 2015"]
[Source "ChessBase"]
[SourceDate "2014.11.20"]
[SourceVersion "1"]
[SourceVersionDate "2014.11.20"]
[SourceQuality "1"]

1. e4 c5 2. Nf3 d6 3. d4 cxd4 4. Nxd4 Nf6 5. Nc3 Nc6 6. Be3 e5 7. Nxc6 bxc6 8. Bc4 Be7 9. Bb3 Ng4 10. Qf3 0-0 11. Bd2 Qc7 12. Qg3 Kh8 13. f3 Nf6 14. 0-0-0 Be6 15. Bxe6 fxe6 16. Kb1 d5 17. Bg5 Bd6 18. h4 Rab8 19. h5 h6 20. Bxf6 Rxf6 21. Qh4 Bc5 22. Qh2 Bd4 23. Rxd4 Qb6 24. Na4 Qxd4 25. b3 Qxa4 26. Qxe5 Qb5 27. a4 Qb6 28. Rf1 Rbf8 29. f4 Qb8 30. Qxb8 Rxb8 31. e5 Rf5 32. g4 Rf7 33. f5 Rbf8 34. f6 gxf6 35. exf6 Rxf6 36. Rg1 Rf1+ 37. Rxf1 Rxf1+ 38. Kb2 Rg1 39. Kc3 c5 40. b4 Rg3+ 41. Kb2 cxb4 42. Kc1 Rxg4 43. a5 Rh4 44. Kb2 Rxh5 45. Kb3 Rh4 46. a6 Rc4 47. Ka4 Rxc2 48. Kxb4 Ra2 49. Kb5 h5 50. Kc6 Rxa6+ 51. Kc5 h4 0-1

[Event "Wroclaw op-B 8th"]
[Site "Wroclaw"]
[Date "2013.07.08"]
[Round "8"]
[White "Molenda, Maja"]
[Black "Koza, Jan"]
[Result "1-0"]
[WhiteElo "1224"]
[BlackElo "1239"]
[PlyCount "41"]
[EventDate "2013.07.01"]
[EventType "swiss"]
[EventRounds "9"]
[EventCountry "POL"]
[SourceTitle "EXT 2014"]
[Source "ChessBase"]
[SourceDate "2013.11.20"]
[SourceVersion "1"]
[SourceVersionDate "2013.11.20"]
[SourceQuality "1"]

1. e4 e5 2. Nf3 Nc6 3. d4 exd4 4. Nxd4 Bc5 5. Nxc6 bxc6 6. Bc4 d6 7. 0-0 Ne7 8. Bg5 0-0 9. Nc3 h6 10. Bh4 Qd7 11. Re1 Ng6 12. Bg3 Rd8 13. Qh5 Qg4 14. Qxg4 Bxg4 15. h3 Be6 16. Be2 Rf8 17. Bf3 Bb4 18. Re3 f5 19. exf5 Bxf5 20. Bxc6 Bxc2 21. Bxa8 1-0